Nano electronics / (Record no. 52561)

MARC details
000 -LEADER
fixed length control field 03101nam a22003737a 4500
005 - DATE AND TIME OF LATEST TRANSACTION
control field 20110524123434.0
010 ## - LCCN (DPL NO)
LC control number ENG-102507 B-446249-259
020 ## - INTERNATIONAL STANDARD BOOK NUMBER
International Standard Book Number 9788184503302
Terms of availability 2250.00
035 ## - SYSTEM CONTROL NUMBER
System control number EN-86040 B-446249-259
037 ## - SOURCE OF ACQUISITION
Source of stock number/acquisition DBAD / PUB
037 ## - SOURCE OF ACQUISITION
Source of stock number/acquisition Blue Berry/Ven
082 ## - DEWEY DECIMAL CLASSIFICATION NUMBER
Classification number 620.5
100 ## - MAIN ENTRY--PERSONAL NAME
Personal name Bhatia, A. S.
245 ## - TITLE STATEMENT
Title Nano electronics /
Statement of responsibility, etc by A. S. Bhatia ; foreworded by S. M. Ishtiaque
260 ## - PUBLICATION, DISTRIBUTION, ETC. (IMPRINT)
Place of publication, distribution, etc New Delhi
Name of publisher, distributor, etc Deep & Deep Publications
Date of publication, distribution, etc 2011
270 ## - ADDRESS
Address F-159, Rajouri Garden
City New Delhi
Postal code 110027
Telephone number 25435369,25440916
300 ## - PHYSICAL DESCRIPTION
Extent xiv, 480 p. :
Dimensions 25cm (Hb)
Other physical details ill.
500 ## - GENERAL NOTE
General note Includes bibliographical references and index
700 ## - ADDED ENTRY--PERSONAL NAME
9 (RLIN) 27415
942 ## - ADDED ENTRY ELEMENTS (KOHA)
Institution code [OBSOLETE] dpl
Item type English Books
Source of classification or shelving scheme Dewey Decimal Classification
Call number suffix BHA
Classification part 620.5
Holdings
Withdrawn status Lost status Not for loan Collection code Home library Current library Date acquired Source of acquisition Cost, normal purchase price Full call number Barcode Copy number Cost, replacement price Koha item type
    Not For Loan Reference Andrews Gunj Andrews Gunj 27/02/2012 Blue Berry/7045/29.09.2011/06/15.09.2011.09.11.2011 2250.00 620.5 BHA B-446255 1 2250.00 English Books
    Not For Loan Reference Central Library Central Library 27/02/2012 Blue Berry/7045/29.09.2011/06/15.09.2011.09.11.2011 2250.00 620.5 BHA B-446249 1 2250.00 English Books
    Not For Loan Non-fiction D.B.Act.Division D.B.Act.Division 24/05/2011 DBAD / PUB 2250.00 620.5 BHA EN-86040 1 2250.00 English Books
      Reference Janak Puri Janak Puri 27/02/2012 Blue Berry/7045/29.09.2011/06/15.09.2011.09.11.2011 2250.00 620.5 BHA B-446252 1 2250.00 English Books
    Not For Loan Reference Karol Bagh Karol Bagh 27/02/2012 Blue Berry/7045/29.09.2011/06/15.09.2011.09.11.2011 2250.00 620.5 BHA B-446257 1 2250.00 English Books
    Not For Loan Reference Kasturba Gandhi Marg Kasturba Gandhi Marg 27/02/2012 Blue Berry/7045/29.09.2011/06/15.09.2011.09.11.2011 2250.00 620.5 BHA B-446251 1 2250.00 English Books
    Not For Loan Reference Narela Narela 27/02/2012 Blue Berry/7045/29.09.2011/06/15.09.2011.09.11.2011 2250.00 620.5 BHA B-446258 1 2250.00 English Books
    Not For Loan Reference Patel Nagar Patel Nagar 27/02/2012 Blue Berry/7045/29.09.2011/06/15.09.2011.09.11.2011 2250.00 620.5 BHA B-446250 1 2250.00 English Books
    Not For Loan Reference R.K.Puram-8 R.K.Puram-8 27/02/2012 Blue Berry/7045/29.09.2011/06/15.09.2011.09.11.2011 2250.00 620.5 BHA B-446254 1 2250.00 English Books
      Non-fiction Sarojini Nagar Sarojini Nagar 27/02/2012 Blue Berry/7045/29.09.2011/06/15.09.2011.09.11.2011 2250.00 620.5 BHA B-446253 1 2250.00 English Books
    Not For Loan Reference Shahdara Branch Shahdara Branch 27/02/2012 Blue Berry/7045/29.09.2011/06/15.09.2011.09.11.2011 2250.00 620.5 BHA B-446259 1 2250.00 English Books
    Not For Loan Reference Vinoba Puri Vinoba Puri 27/02/2012 Blue Berry/7045/29.09.2011/06/15.09.2011.09.11.2011 2250.00 620.5 BHA B-446256 1 2250.00 English Books

© Delhi Public Library
Hit Counter
free hit counter